| 000 | 00636cam a22002291 4500 | ||
|---|---|---|---|
| 001 | sa 66001922 | ||
| 003 | DLC | ||
| 005 | 20260227112225.0 | ||
| 008 | 870914s1965 pk d 000 0 eng | ||
| 010 | _asa 66001922 | ||
| 025 | _aPL480:P-E-882 | ||
| 035 | _a(OCoLC)16677539 | ||
| 040 |
_aDLC _cWaU _dWaU _dDLC |
||
| 041 | 0 | _aengurd | |
| 042 | _apremarc | ||
| 050 | 0 | 0 |
_aPK1976 _b.H3 |
| 100 | 0 |
_aʻAbdulḥaq, _d1869-1961. |
|
| 245 | 1 | 4 | _aThe students' standard English-Urdu dictionary. |
| 260 |
_aKarachi, _bAnjuman Taraqqi-e-Urdu, _c1965. |
||
| 300 |
_a1462, 11, 19 p. _c23 cm. |
||
| 650 | 0 |
_aEnglish language _xDictionaries _xUrdu. |
|
| 999 |
_c68069 _d68069 |
||